Antiepileptiká v liečbe závislostí

Bibliographic Details
Main Authors: Martinove, Mária, 1952- (Author), Martinove, Oleg, 1951- (Author), Koprdová, E. (Author)
Format: Article
Language:Slovak
PhysicalDescription:Grafy, tab.
ISSN:0862-0350
Subjects:

MARC

LEADER 00000nab a2200000 a 4500
001 vtls000753504
003 SK-MaSNL
005 20260304112034.0
008 250429c2000 xo 0 slo
015 |a SNBRB2001/03-08323 
035 |a CLN000105291 
035 |a urn:nbn:sk:snk-ab97ql 
035 |a (urnnbn)urn:nbn:sk:snk:ar-0077n9 
035 |a (uuid)8e72c71c-73fb-4a03-95d6-deb552bbf115 
040 |a SNKBUCL  |b slo  |c SNKBUCL  |e AACR2 
041 0 |a slo 
044 |a xo  |c SK 
080 |a 616.89-056.83:615.213  |2 1997 
080 |a 615.213  |2 1997 
080 |a 613.83  |2 1997 
100 1 |a Martinove, Mária,  |d 1952-  |4 aut  |9 192411 
245 1 0 |a Antiepileptiká v liečbe závislostí  |c M. Martinove, O. Martinove, E. Koprdová 
300 |b Grafy, tab. 
504 |a Res. angl., slov. 
504 |a Bibliogr. odkazy 
650 0 7 |a závislosť drogová  |x liečba  |2 snkbucl  |9 840945 
650 0 7 |a antiepileptiká  |2 snkbucl  |9 13929 
650 0 7 |a látky psychoaktívne  |2 snkbucl  |9 1370203 
655 7 |a články z novín a časopisov  |2 snkbucl  |9 267496 
700 1 |a Martinove, Oleg,  |d 1951-  |4 aut  |9 192412 
700 1 |a Koprdová, E.  |4 aut  |9 1127698 
773 0 |t Alkoholizmus a drogové závislosti (Protialkoholický obzor)  |g Roč. 35, č. 4-5 (2000), s. 215-221  |x 0862-0350 
850 |a Slovenská národná knižnica 
852 |a Slovenská národná knižnica 
954 |a odborná, vedecká literatúra pôvodná (slovenská)  |2 lita 
958 |a article13 
958 |a MI 
958 |a NB 
958 |a OND 
958 |a EUIPO 
992 |a RBX 
999 |c 2864005  |d 2865935